<?xml version="1.0" encoding="UTF-8"?><?xml-stylesheet type="text/xsl" href="static/style.xsl"?><OAI-PMH xmlns="http://www.openarchives.org/OAI/2.0/" xmlns:xsi="http://www.w3.org/2001/XMLSchema-instance" xsi:schemaLocation="http://www.openarchives.org/OAI/2.0/ http://www.openarchives.org/OAI/2.0/OAI-PMH.xsd"><responseDate>2026-04-13T05:00:45Z</responseDate><request verb="GetRecord" identifier="oai:www.recercat.cat:2445/185852" metadataPrefix="marc">https://recercat.cat/oai/request</request><GetRecord><record><header><identifier>oai:recercat.cat:2445/185852</identifier><datestamp>2025-12-04T22:34:28Z</datestamp><setSpec>com_2072_1057</setSpec><setSpec>col_2072_478917</setSpec><setSpec>col_2072_478931</setSpec></header><metadata><record xmlns="http://www.loc.gov/MARC21/slim" xmlns:dcterms="http://purl.org/dc/terms/" xmlns:xsi="http://www.w3.org/2001/XMLSchema-instance" xmlns:doc="http://www.lyncode.com/xoai" xsi:schemaLocation="http://www.loc.gov/MARC21/slim http://www.loc.gov/standards/marcxml/schema/MARC21slim.xsd">
   <leader>00925njm 22002777a 4500</leader>
   <datafield ind2=" " ind1=" " tag="042">
      <subfield code="a">dc</subfield>
   </datafield>
   <datafield ind2=" " ind1=" " tag="720">
      <subfield code="a">Planellas, Irina</subfield>
      <subfield code="e">author</subfield>
   </datafield>
   <datafield ind2=" " ind1=" " tag="720">
      <subfield code="a">Calderón Garrido, Caterina</subfield>
      <subfield code="e">author</subfield>
   </datafield>
   <datafield ind2=" " ind1=" " tag="260">
      <subfield code="c">2022-05-19T17:23:06Z</subfield>
   </datafield>
   <datafield ind2=" " ind1=" " tag="260">
      <subfield code="c">2022-04-16</subfield>
   </datafield>
   <datafield ind2=" " ind1=" " tag="260">
      <subfield code="c">2022-05-19T17:23:06Z</subfield>
   </datafield>
   <datafield ind2=" " ind1=" " tag="520">
      <subfield code="a">Suicide is one of the main causes of death among teenagers (World Health Organization; WHO, 2019). Suicidal-related behaviour (SRB) (suicidal ideation and suicidal intent/self-harm behavior) is one of the main risk factors for suicide. Hence the importance of detecting predictive variables of SRB. The main purpose of this study was to analyze the association and explanatory power that combined dimensions of personality in comparison with uncombined dimensions in relation to SRB. Participants were 1027 teenagers (girls 62.2%) aged between 13 and 18 (mean age = 15.59; SD = 1.29). Personality dimensions were assessed with the Big Five Inventory and the SRB with the Youth Self Report. Neuroticism combined with the remaining personality dimensions, is associated with better predictions of SRB than the uncombined dimensions. The relative risk (RR) of SRB combining personality dimensions were high (RR = 10 in some of these combinations) and the explanatory power of some of them reaches 23%. The role of the Openness dimension in relation to SRB is discussed, a role that until now has had little consensus in the scientific literature. In conclusion, taking into account several personality dimensions simultaneously is a useful approach to identify adolescents with a higher risk of reporting behaviour associated with suicidality. Likewise, these results will assist in the development of preventive and intervention policies.</subfield>
   </datafield>
   <datafield tag="653" ind2=" " ind1=" ">
      <subfield code="a">Conducta suïcida</subfield>
   </datafield>
   <datafield tag="653" ind2=" " ind1=" ">
      <subfield code="a">Suïcidi</subfield>
   </datafield>
   <datafield tag="653" ind2=" " ind1=" ">
      <subfield code="a">Adolescents</subfield>
   </datafield>
   <datafield tag="653" ind2=" " ind1=" ">
      <subfield code="a">Personalitat</subfield>
   </datafield>
   <datafield tag="653" ind2=" " ind1=" ">
      <subfield code="a">Suicidal behavior</subfield>
   </datafield>
   <datafield tag="653" ind2=" " ind1=" ">
      <subfield code="a">Suicide</subfield>
   </datafield>
   <datafield tag="653" ind2=" " ind1=" ">
      <subfield code="a">Teenagers</subfield>
   </datafield>
   <datafield tag="653" ind2=" " ind1=" ">
      <subfield code="a">Personality</subfield>
   </datafield>
   <datafield ind2="0" ind1="0" tag="245">
      <subfield code="a">Detecting the risk of suicidal-related behaviours in teenagers by means of combined personality dimensions</subfield>
   </datafield>
</record></metadata></record></GetRecord></OAI-PMH>